Postaw na milion 111 - Statystyki

Ogólne statystyki
  • Ten quiz został rozwiązany 13 razy
  • Średni wynik to 6 z 12
Statystyki odpowiedzi
Zagadnienie Odpowiedź % Poprawnych
Godzina W to kryptonim rozpoczęcia powstania warszawskiego. Która to była godzina? 17.00
100%
Kto zamieszkiwał tereny obecnego Peru? Inkowie
69%
W którym ze skrótów litera O nie odpowiada słowu "organizacja"? MKOl
69%
Który z zespołów startował w wyścigach bez przerwy od początku istnienia Formuły 1? Ferrari
62%
Piosenkę "Tańczące Eurydyki" uczyniła wielkim przebojem... Anna German
54%
W którym z województw kury zniosły w 2014 roku najwięcej jaj? wielkopolskim
54%
Syn którego z dyktatorów był pianistą jazzowym? Benito Mussoliniego
46%
Które miasto może pochwalić się najbardziej rozwiniętą na świecie siecią tramwajową? Melbourne
46%
Przy jakiej ulicy w Warszawie mieszkali państwo Karwowscy, czyli 40-latek z rodziną? Pańskiej
31%
Portal podróżniczy Trip Advisor za największą atrakcję turystyczną Europy uznał w 2015 roku Bazylikę Sagrada Familia w Barcelonie. Co znalazło się na drugim miejscu? Bazylika świętego Piotra w Rzymie
23%
Magazyn Time ogłosił w lipcu 2015 roku ranking 10 najbogatszych osób w historii powszechnej. Kto z nich znalazł się najwyżej? Czyngis-chan (Mongolia, XII wiek)
23%
W plebiscycie czytelników tygodnika Polityka w lipcu 2015 roku na najważniejszy wynalazek XX wieku wygrał telefon komórkowy. Co znalazło się na drugim miejscu? pigułka antykoncepcyjna
23%
Nie znaleziono quizów pasujących do podanych kryteriów
Rozkład punktacji
Procent ludzi z każdym wynikiem
Percentyl według liczby udzielonych odpowiedzi
Twoja historia wyników
Nie rozwiązałeś tego quizu